| 000 | 00508nam a2200181Ia 4500 | ||
|---|---|---|---|
| 008 | 240925s9999 xx 000 0 und d | ||
| 020 | _a71210288 | ||
| 082 | _a621.38223 CAR | ||
| 100 | _aCarlson, A. Bruce | ||
| 245 | 0 | _aCommunication Systems: An introduction to signals and noise in electrical communication | |
| 250 | _a4th | ||
| 260 |
_aBoston: _bMC Graw-Hill _c,2002. |
||
| 300 |
_aviii,193p. _bI _fPirated |
||
| 500 | _aNA | ||
| 600 | _aElectrical Engineering | ||
| 650 | _aTechnology | ||
| 942 | _cBK | ||
| 999 |
_c8606 _d8606 |
||